| Tag |
First Indicator |
Second Indicator |
Subfields |
| LEADER |
00000cjm a2200000Ii 4500 |
| 001 |
in00003534366 |
| 005 |
20151105212641.0 |
| 007 |
sd fsngnnmmned |
| 008 |
150612t20092009xxucynn n eng d |
| 024 |
1 |
|
|a 844553013885
|
| 035 |
|
|
|a (OCoLC)ocn911209243
|
| 035 |
|
|
|a (OCoLC)911209243
|
| 040 |
|
|
|a TXA
|b eng
|e rda
|c TXA
|d TXA
|d UtOrBLW
|
| 049 |
|
|
|a TXAM
|
| 090 |
|
|
|a M1630.18.S6427
|b I33 2009
|
| 100 |
1 |
|
|a Smith, Shane
|c (Country musician),
|e composer,
|e lyricist,
|e performer.
|
| 245 |
1 |
0 |
|a I'll see the miles /
|c Shane Smith.
|
| 264 |
|
1 |
|a [United States?] :
|b [Shane Smith?],
|c [2009]
|
| 264 |
|
3 |
|a Lexington, KY :
|b Amazon.com kydc.
|
| 264 |
|
4 |
|c ℗2009
|
| 300 |
|
|
|a 1 audio disc (58 min.) :
|b digital, CD audio, stereo ;
|c 4 3/4 in.
|
| 336 |
|
|
|a performed music
|b prm
|2 rdacontent
|
| 337 |
|
|
|a audio
|b s
|2 rdamedia
|
| 338 |
|
|
|a audio disc
|b sd
|2 rdacarrier
|
| 344 |
|
|
|a digital
|g stereo
|2 rda
|
| 347 |
|
|
|a audio file
|b CD audio
|2 rda
|
| 500 |
|
|
|a Title from disc label.
|
| 500 |
|
|
|a Phonograpm date from iTunes.
|
| 505 |
0 |
0 |
|t Abner
|g (4:55) --
|t Tyler's Blues
|g (5:58) --
|t Texas tonight
|g (5:30) --
|t Nights of Isabel Bay
|g (5:00) --
|t The Raven
|g (4:14) --
|t Indian song
|g (4:39) --
|t Fallen angel
|g (4:53) --
|t Kaufman County lines
|g (4:25) --
|t Life's Freight Train
|g (4:02) --
|t Adios
|g (4:54) --
|t I'll see the miles
|g (6:03).
|
| 650 |
|
0 |
|a Alternative country music.
|
| 650 |
|
0 |
|a Country rock music.
|
| 650 |
|
0 |
|a Country music
|y 2001-2010.
|
| 948 |
|
|
|a cataloged
|b h
|c 2015/6/24
|d o
|e jolivare
|f 2:06:03 pm
|a original cataloging musical sound recording
|
| 994 |
|
|
|a C0
|b TXA
|
| 999 |
|
|
|a MARS
|
| 999 |
f |
f |
|s 4349031e-2235-3691-82fe-5e520cf26f7d
|i 12625689-8b5c-3566-83bb-d51af9617c4f
|t 0
|
| 952 |
f |
f |
|p ric
|a Texas A&M University
|b Rellis Campus
|c Joint Library Facility
|d Remote Storage
|t 0
|e M1630.18.S6427 I33 2009
|h Library of Congress classification
|i audio -- audio disc
|m A14843039489
|
| 998 |
f |
f |
|a M1630.18.S6427 I33 2009
|t 0
|l Remote Storage
|